2000 years of charismatic Christianity / (Record no. 10367)
[ view plain ]
| 000 -LEADER | |
|---|---|
| fixed length control field | 01252cam a22003254a 4500 |
| 001 - CONTROL NUMBER | |
| control field | 12668193 |
| 003 - CONTROL NUMBER IDENTIFIER | |
| control field | GBCCL |
| 005 - DATE AND TIME OF LATEST TRANSACTION | |
| control field | 20241126110730.0 |
| 008 - FIXED-LENGTH DATA ELEMENTS--GENERAL INFORMATION | |
| fixed length control field | 020204s2002 flu b 000 0 eng |
| 010 ## - | |
| -- | 2002101656 |
| 020 ## - INTERNATIONAL STANDARD BOOK NUMBER | |
| International Standard Book Number | 0884198723 |
| 035 ## - SYSTEM CONTROL NUMBER | |
| System control number | (DLC) 2002101656 |
| 040 ## - CATALOGING SOURCE | |
| Original cataloging agency | DLC |
| Transcribing agency | DLC |
| Modifying agency | DLC |
| 042 ## - | |
| -- | pcc |
| 050 00 - | |
| -- | BR153 |
| -- | .H93 2002 |
| 082 00 - DEWEY DECIMAL CLASSIFICATION NUMBER | |
| Classification number | 270 |
| Edition information | 22 |
| Item number | HYA |
| 100 1# - MAIN ENTRY--PERSONAL NAME | |
| Personal name | Hyatt, Eddie L. |
| 9 (RLIN) | 17997 |
| 245 10 - TITLE STATEMENT | |
| Title | 2000 years of charismatic Christianity / |
| Statement of responsibility, etc. | Eddie L. Hyatt. |
| 246 3# - | |
| -- | Two thousand years of charismatic Christianity |
| 260 ## - PUBLICATION, DISTRIBUTION, ETC. | |
| Place of publication, distribution, etc. | Lake Mary, Fla. : |
| Name of publisher, distributor, etc. | Charisma House, |
| Date of publication, distribution, etc. | c2002. |
| 300 ## - PHYSICAL DESCRIPTION | |
| Extent | xii, 225 p. ; |
| Dimensions | 22 cm. |
| 504 ## - BIBLIOGRAPHY, ETC. NOTE | |
| Bibliography, etc. note | Includes bibliographical references (p. 218-225). |
| 650 #0 - SUBJECT ADDED ENTRY--TOPICAL TERM | |
| Topical term or geographic name entry element | Church history. |
| 9 (RLIN) | 117 |
| 650 #0 - SUBJECT ADDED ENTRY--TOPICAL TERM | |
| Topical term or geographic name entry element | Pentecostalism |
| General subdivision | History. |
| 9 (RLIN) | 17998 |
| 856 42 - ELECTRONIC LOCATION AND ACCESS | |
| Materials specified | Publisher description |
| Uniform Resource Identifier | <a href="http://www.loc.gov/catdir/enhancements/fy1009/2002101656-d.html">http://www.loc.gov/catdir/enhancements/fy1009/2002101656-d.html</a> |
| 856 42 - ELECTRONIC LOCATION AND ACCESS | |
| Materials specified | Contributor biographical information |
| Uniform Resource Identifier | <a href="http://www.loc.gov/catdir/enhancements/fy1110/2002101656-b.html">http://www.loc.gov/catdir/enhancements/fy1110/2002101656-b.html</a> |
| 906 ## - LOCAL DATA ELEMENT F, LDF (RLIN) | |
| a | 7 |
| b | cbc |
| c | orignew |
| d | 2 |
| e | epcn |
| f | 20 |
| g | y-gencatlg |
| 942 ## - ADDED ENTRY ELEMENTS (KOHA) | |
| Source of classification or shelving scheme | Dewey Decimal Classification |
| Koha item type | Books |
| Withdrawn status | Lost status | Source of classification or shelving scheme | Damaged status | Not for loan | Home library | Current Library | Shelving location | Date acquired | Total checkouts | Total renewals | Full call number | Barcode | Date last seen | Date last checked out | Copy number | Price effective from | Koha item type |
|---|---|---|---|---|---|---|---|---|---|---|---|---|---|---|---|---|---|
| Dewey Decimal Classification | GRACE BIBLE COLLEGE | GRACE BIBLE COLLEGE | Church History | 2024-07-01 | 2 | 1 | 270 HYA | 017018 | 2025-09-29 | 2025-09-25 | c.1 | 2024-07-01 | Books |